Guess the 1970s song lyrics #219 - Statistics

General Stats
  • This quiz has been taken 16 times
  • The average score is 125 of 207
Answer Stats
Answer % Correct
a
100%
I
100%
on
93%
On
93%
the
93%
and
87%
go
80%
In
80%
love
80%
is
73%
To
73%
to
73%
all
67%
her
67%
it
67%
my
67%
so
67%
At
60%
Have
60%
night
60%
SATURDAY
60%
Saturday
60%
can't
53%
dance
53%
Do
53%
do
53%
gotta
53%
Just
53%
know
53%
with
53%
baby
47%
Gonna
47%
gonna
47%
good
47%
I'm
47%
let
47%
up
47%
Dancin
40%
I've
40%
rock
40%
roll
40%
Roll
40%
heart
33%
keep
33%
ol'
33%
ol
33%
our
33%
rhythm
33%
Tell
33%
things
33%
Til
33%
wait
33%
ball
27%
date
27%
soul
27%
through
27%
dancing
20%
little
20%
show
20%
Folk
13%
Saturday
0%
No matching quizzes found
Score Distribution
Percent of People with Each Score
Percentile by Number Answered
Your Score History
You have not taken this quiz